Diana of the Crossways / (Record no. 18355)
[ view plain ]
| 000 -LEADER | |
|---|---|
| fixed length control field | 01019cam a2200313 a 4500 |
| 001 - CONTROL NUMBER | |
| control field | 18355 |
| 003 - CONTROL NUMBER IDENTIFIER | |
| rucl marc code | BD-RjUL |
| 005 - DATE AND TIME OF LATEST TRANSACTION | |
| control field | 20211209000255.0 |
| 008 - FIXED-LENGTH DATA ELEMENTS--GENERAL INFORMATION | |
| fixed length control field | 140220s1885 nyu 000 1 eng |
| 035 ## - SYSTEM CONTROL NUMBER | |
| System control number | (BD-RjUL)18413 |
| 040 ## - CATALOGING SOURCE | |
| Original cataloging agency | DLC |
| Transcribing agency | DLC |
| Modifying agency | DLC |
| -- | BD-RjUL |
| Language of cataloging | eng |
| 041 ## - LANGUAGE CODE | |
| Language code of text/sound track or separate title | eng |
| 051 ## - LIBRARY OF CONGRESS COPY, ISSUE, OFFPRINT STATEMENT | |
| Classification number | PR5006 |
| Item number | .D5 1885 |
| Copy information | From the library of Oliver Wendell Holmes. |
| 082 ## - DEWEY DECIMAL CLASSIFICATION NUMBER | |
| Classification number | 823.8 |
| Author mark and year | MED |
| 100 1# - MAIN ENTRY--PERSONAL NAME | |
| Personal name | Meredith, George, |
| Dates associated with a name | 1828-1909. |
| 9 (RLIN) | 55184 |
| 245 10 - TITLE STATEMENT | |
| Title | Diana of the Crossways / |
| Statement of responsibility, etc. | George Meredith. |
| 260 ## - PUBLICATION, DISTRIBUTION, ETC. (IMPRINT) | |
| Place of publication, distribution, etc. | New York : |
| Name of publisher, distributor, etc. | George Munro, |
| Date of publication, distribution, etc. | 1885. |
| 300 ## - PHYSICAL DESCRIPTION | |
| Pagination | 447 p. ; |
| Size | 19 cm. |
| 490 0# - SERIES STATEMENT | |
| Series statement | Seaside library. Pocket edition ; |
| Volume/sequential designation | no. 350 |
| 650 #0 - SUBJECT ADDED ENTRY--TOPICAL TERM | |
| Topical term or geographic name as entry element | Married women |
| Form subdivision | Fiction. |
| 9 (RLIN) | 56047 |
| Topical term or geographic name as entry element | Separated people |
| Form subdivision | Fiction. |
| 9 (RLIN) | 56521 |
| Topical term or geographic name as entry element | Politicians |
| Form subdivision | Fiction. |
| 9 (RLIN) | 56522 |
| Topical term or geographic name as entry element | Scandals |
| Form subdivision | Fiction. |
| 9 (RLIN) | 56523 |
| 651 #0 - SUBJECT ADDED ENTRY--GEOGRAPHIC NAME | |
| Geographic name | Great Britain |
| Form subdivision | Fiction. |
| 9 (RLIN) | 56524 |
| 710 2# - ADDED ENTRY--CORPORATE NAME | |
| Corporate name or jurisdiction name as entry element | Oliver Wendell Holmes Collection (Library of Congress) |
| Institution to which field applies | DLC |
| 9 (RLIN) | 4233 |
| 942 ## - ADDED ENTRY ELEMENTS (KOHA) | |
| Source of classification or shelving scheme | Dewey Decimal Classification |
| Koha item type | Books |
| Lost status | Source of classification or shelving scheme | Damaged status | Not for loan | Collection code | Permanent Location | Current Location | Shelving location | Date acquired | Total Checkouts | Full call number | Date last seen | Copy number | Koha item type |
|---|---|---|---|---|---|---|---|---|---|---|---|---|---|
| Dewey Decimal Classification | Not For Loan | Fiction | Central Library, University of Rajshahi | Central Library, University of Rajshahi | Reading Room | 20/02/2014 | 823.8 MED 1885 | 20/02/2014 | C-1 | Books |